000 00665nam a2200181 i 4500
001 44724
003 ES-MaACL
005 20230906161101.0
007 t|
008 030324s1900 sp |||| | spa d
245 0 0 _aCinematógrafo de España : única guía mensual descriptiva
_b= Cinematographe d'Espagne : unique guide mensuel descriptif.
246 3 1 _aCinematographe d'Espagne : unique guide mensuel descriptif
260 _aMadrid :
_bSindicato de Editores,
_c1900 (
_fEst. Tip. de Idamor Moreno)
300 _a364 p. ;
_c19 cm.
500 _aPort. y texto paralelos en español y francés.
650 _aCine-
_zEspaña.
_911025
852 _aES-MaACL
_jD-1388
999 _c44724
_d44724